000 00765cam a22002413a 4500
001 16545
003 PGUSA
005 20140828083343.0
008 050818s2005||||xxu|||||s|||||000 | eng d
040 _aPGUSA
_beng
042 _adc
050 4 _aDA
100 1 _aAbbott, Jacob,
_d1803-1879
245 1 0 _aKing Alfred of England :
_bMakers of History
_h[electronic resource] /
_cJacob Abbott
260 _bProject Gutenberg,
_c2005
506 _aPublic domain in the USA.
516 _aElectronic text
653 _aAlfred, King of England, 849-899 -- Juvenile literature
653 _aGreat Britain -- History -- Alfred, 871-899 -- Juvenile literature
830 0 _aProject Gutenberg
_v16545
856 4 0 _uhttp://www.gutenberg.org/ebooks/16545
942 _cEB
999 _c245800
_d245800